[Event "Beacon Seniors op"]
[Site "Exmouth"]
[Date "2008.11.19"]
[Round "3"]
[White "Sandercock, E Barry"]
[Black "Shepherd, Ray W"]
[Result "1/2-1/2"]
[WhiteElo "1648"]
[BlackElo "1448"]
[PlyCount "92"]
[EventDate "2008.11.17"]
[EventType "swiss"]
[EventRounds "5"]
[EventCountry "ENG"]
[SourceTitle "EXT 2011"]
[Source "ChessBase"]
[SourceDate "2010.11.26"]
[SourceVersion "1"]
[SourceVersionDate "2010.11.26"]
[SourceQuality "1"]

1. f4 e5 2. fxe5 d6 3. e6 Bxe6 4. Nf3 Nf6 5. d3 Be7 6. g3 Nc6 7. Bg2 h6 8. Nbd2 Qd7 9. e4 Bh3 10. Bxh3 Qxh3 11. Qe2 0-0-0 12. Qf1 Qe6 13. Qe2 Qh3 14. b3 Rhe8 15. Bb2 Bf8 16. Bxf6 gxf6 17. Qf1 Qh5 18. 0-0-0 Qa5 19. a4 d5 20. Re1 Qc3 21. Nb1 Qc5 22. Qh3+ Kb8 23. Re2 dxe4 24. dxe4 Nb4 25. Kb2 Rxe4 26. Rhe1 Rde8 27. Qg2 Rxe2 28. Rxe2 Rxe2 29. Qxe2 Qe7 30. Qxe7 Bxe7 31. Nd4 Nd5 32. Nf5 Bf8 33. Nd2 Ne7 34. Ne3 Kc8 35. Kc3 Kd7 36. Kd4 Nc6+ 37. Ke4 Ke6 38. h4 Ne7 39. g4 Ng6 40. Nf3 Ne5 41. Nd4+ Kd7 42. Ndf5 Ke6 43. c4 c6 44. Kf4 Nd3+ 45. Kf3 Ne5+ 46. Ke4 Nd7 1/2-1/2